La broncografía en el diagnóstico de las malformaciones congénitas del pulmón / (Record no. 176091)

MARC details
000 -LEADER
campo de control de longitud fija 00932nam a22002655i 4500
001 - NÚMERO DE CONTROL
campo de control 176091
003 - IDENTIFICADOR DE NÚMERO DE CONTROL
campo de control ES-MaACL
005 - FECHA Y HORA DE LA ÚLTIMA TRANSACCIÓN
campo de control 20230906220001.0
008 - DATOS DE LONGITUD FIJA--INFORMACIÓN GENERAL
campo de control de longitud fija 101215s1958 sp a |||| | spa d
080 ## - NÚMERO DE LA CLASIFICACIÓN DECIMAL UNIVERSAL
Número de la Clasificación Decimal Universal 616.24
080 ## - NÚMERO DE LA CLASIFICACIÓN DECIMAL UNIVERSAL
Número de la Clasificación Decimal Universal 54-77
100 1# - ENTRADA PRINCIPAL--NOMBRE DE PERSONA
Nombre de persona Wihelmi, J.
9 (RLIN) 144332
245 13 - MENCIÓN DEL TÍTULO
Título La broncografía en el diagnóstico de las malformaciones congénitas del pulmón /
Mención de responsabilidad, etc. por J. Wihelmi, J. Solans y J. Fraile.
260 ## - PUBLICACIÓN, DISTRIBUCIÓN, ETC.
Lugar de publicación, distribución, etc. Madrid :
Nombre del editor, distribuidor, etc. Servicio de Medicina Interna Hospital Militar "Gómez Ulla",
Fecha de publicación, distribución, etc. 1958.
300 ## - DESCRIPCIÓN FÍSICA
Extensión 18 p. :
Otras características físicas il. ;
Dimensiones 17 cm.
490 1# - MENCIÓN DE SERIE
Mención de serie Cuadernos de medicina interna ;
Designación de volumen o secuencia 37
650 04 - PUNTO DE ACCESO ADICIONAL DE MATERIA--TÉRMINO DE MATERIA
Término de materia o nombre geográfico como elemento de entrada Pulmones-
Subdivisión general Tratamiento.
9 (RLIN) 136792
650 04 - PUNTO DE ACCESO ADICIONAL DE MATERIA--TÉRMINO DE MATERIA
Término de materia o nombre geográfico como elemento de entrada Rayos X.
9 (RLIN) 136804
700 1# - ENTRADA AGREGADA--NOMBRE PERSONAL
Nombre de persona Solans, J.
9 (RLIN) 144333
700 1# - ENTRADA AGREGADA--NOMBRE PERSONAL
Nombre de persona Fraile, J.
9 (RLIN) 144334
710 2# - ENTRADA AGREGADA--NOMBRE DE ENTIDAD CORPORATIVA
Nombre de entidad corporativa o nombre de jurisdicción como elemento de entrada Hospital Militar Central "Gómez Ulla"
9 (RLIN) 141700
830 0# - PUNTO DE ACCESO ADICIONAL DE SERIE-TÍTULO UNIFORME
Título uniforme Cuadernos de medicina interna ;
Designación de volumen o secuencia 37
9 (RLIN) 183827
852 ## - LOCALIZACIÓN
Ubicación ES-MaACL
Número de control de estantería 2086-F-22
Holdings
Estatus retirado Estado de pérdida Estado de daño No para préstamo Colección Biblioteca de origen Biblioteca actual Ubicación en estantería Fecha de adquisición Fuente de adquisición Total de préstamos Signatura topográfica completa Código de barras Visto por última vez Precio de reemplazo Tipo de ítem Koha
        Colección de folletos Biblioteca del Ateneo de Madrid Biblioteca del Ateneo de Madrid Depósito folletos 15/12/2010     2086-F-22 1184933 23/02/2023 23/02/2023 Folleto